000
00327nam a2200145Ia 4500
003
OSt
005
20240203155418.0
008
170524s9999 xx 000 0 und d
020
_a
978-0198604389
040
_c
IIMT
100
_a
Pearsall- Judy
245
4
_a
The Concise oxford Dictionary
260
_b
Oxford
942
_2
ddc
_c
02
999
_c
6407
_d
6407